000 00444nam a22001577a 4500
003 SGT
020 _a9789388902748
082 _a611
_bH19C
100 _aBd Chaurasia
245 _aBD Chaurasia's Human Anatomy:- Regional and Applied Dissection and Clinical: Lower Limb, Abdomen and Pelvis
250 _a8TH
260 _aNEW DELHI
_bCbs Publishers & Distributors
_c2019
300 _a1-556
650 _aHuman Anatomy
942 _2ddc
_cBK
_04
999 _c20904
_d20904